| 000 | 00376nam a2200145 i 4500 | ||
|---|---|---|---|
| 001 | bg | ||
| 100 | 1 | _aLANGO, Danuta | |
| 245 | 0 |
_aĆwiczenia laboratoryjne z chemii ogólnej / _cDanuta Lango, Mieczysław Lango. |
|
| 260 |
_aBydgoszcz, _c1977. |
||
| 700 | 1 | _aLANGO, Mieczysław | |
| 040 | _cBPK | ||
| 041 | _apol | ||
| 942 | _cKS | ||
| 008 | s pl f |000 0 pol | ||
| 999 |
_c17925 _d17925 |
||
| 856 |
_uhttp://koha.tu.koszalin.pl/cgi-bin/koha/opac-detail.pl?biblionumber=17925 _yKatalog online BPK |
||